Responses for Show #4546 - Monday, May 17, 2004

Contestants

[<< previous game]

Bill Kinnaird, a home builder from Louisville, Kentucky

Laura Paquet, a romance novelist and travel writer from Ottawa, Canada

Al Davis, a software test engineer from Everett, Washington (whose 1-day cash winnings total $18,000)

[next game >>]

Jeopardy! Round responses

TRAVEL EUROPE
SCHOOL OF ROCK MOVIES
NON SEQUITURS
J.R.R. TOLKIEN
LORD
OF THE "RING"s
    $200 4
King Arthur

Al
    $200 23
The Beatles

Laura
    $200 18
fat

Al
    $200 1
The Return of the King

Al
    $200 8
China

Al
    $200 7
the ringmaster

Al
    $400 15
the Prado

Al
    $400 24
Spinal Tap

Bill
    $400 19
iron

Bill
    $400 2
South Africa

Al
    $400 13
(Neville) Chamberlain

Laura
    $400 9
the ringleader

Al
    $600 27
Champagne

Laura
    $600 25
Sid and Nancy

Laura
    $600 20
Honda

Al
    $600 3
Bilbo Baggins

Bill
    $600 14
Attenborough

Bill
    $600 10
(Alex: I fell into a [*]--burning [*].)

"Ring Of Fire"

Al
    $800 28
Harry's Bar

Bill
    $800 26
(Bill: Who are The Who?)

Led Zeppelin

AlBill
    $800 21
the shamrock

Bill
    $800 5
Oxford

Al
    $1,200 16
Mountbatten

Al
    $800 11
ringworm

Al
    $1000 29
Athens

Bill
    $1000 30
Why Do Fools Fall in Love

Triple Stumper
    $1000 22
L. Frank Baum

Al
    $1000 6
The Silmarillion

Al
    $1000 17
Lord North

Al
    $1000 12
ring toss

Laura

Scores at the first commercial break (after clue 16):

Al Laura Bill
$6,400 $1,400 $1,200

Scores at the end of the Jeopardy! Round:

Al Laura Bill
$10,000 $2,800 $3,800

Double Jeopardy! Round responses

EARLY AMERICA
SPORTS HOME CITIES
THE AMAZING COCKROACH
ARE YOU A FOOD"E"?
20th CENTURY THINKERS
ANIMAL WORDPLAY
    $400 7
Cambridge

Laura
    $400 9
Indianapolis

Bill
    $400 14
termites

Al
    $400 30
elbow macaroni

Al
    $400 2
Trotsky

Al
    $400 1
"Hare"

Al
    $800 8
(Sir Francis) Drake

Al
    $800 10
Calgary

Bill
    $800 24
Texas

Laura
    $800 29
(Al: What are snails?)
(Alex: Yes.)
[Indistinct uproar from the judges]
(Alex: No, no, sorry. Laura?)

escargot

AlLaura
    $800 3
Woody Allen

Laura
    $800 15
"Doe, a deer, a female deer"

Al
    $1200 19
hats

Laura
    $1200 11
(Laura: What is Vancouver?)
...
(Alex: [*] now, Vancouver before.)

Memphis

LauraBill
    $1200 25
a gizzard

Al
    $1200 28
étouffée

Bill
    $1200 4
(Alex: You might recognize her father, Sigmund Freud, on the right. That was his daughter, Anna.)

Anna Freud

Triple Stumper
    $1200 16
Bullfighter

Triple Stumper
    $1600 20
(Al: What is Chesapeake?)
(Bill: What is Massachusetts Bay?)
(Alex: Massachus--be more specific. No? Sorry.)

Cape Cod Bay

AlBill
Triple Stumper
    $1600 12
Charlotte

Al
    $1600 26
(Alex: And that would be [*]. [*] and Mehitabel.)

Archy

Triple Stumper
    $1600 23
an empanada

Triple Stumper
    $1600 5
Keynes

Al
    $1,000 17
sheepish

Al
    $3,000 21
(Laura: What is the Virginia legislature?)

the Continental Congress

Laura
    $2000 13
Sacramento

Bill
    $2000 27
(Alex: Right, but not in my home.)

Madagascar

Bill
    $2000 22
an Elberta

Triple Stumper
    $2000 6
ghost in the machine

Laura
    $2000 18
the Lionbackers

Triple Stumper

Scores at the end of the Double Jeopardy! Round:

Al Laura Bill
$16,200 $4,600 $9,800

[wagering suggestions for these scores]

Final Jeopardy! Round responses

THE 50 STATES
(Alex: It's not a very high mountain, just a little over 3,000 feet. And a lot of people get up there each year, 125,000 plus.)
...
(Alex: [Revealing Laura's response] She is correct. "The Granite State".)
LauraWhat is New Hampshire?
$4,600
BillWhat is New Hampshire?
$9,700
AlWhat is New Hampshire?
$3,400
New Hampshire

Final scores:

Al Laura Bill
$19,600 $9,200 $19,500
2-day champion: $37,600 3rd place: $1,000 2nd place: $2,000

Game dynamics:

Coryat scores:

Al Laura Bill
$16,400 $7,600 $9,800
27 R
(including 2 DDs),
2 W
11 R,
2 W
(including 1 DD)
13 R,
2 W

Combined Coryat: $33,800

[game clues] [game scores] [suggest correction]

Game tape date: 2004-02-10
The J! Archive is created by fans, for fans. Scraping, republication, monetization, and malicious use prohibited; this site may use cookies and collect identifying information. See terms. The Jeopardy! game show and all elements thereof, including but not limited to copyright and trademark thereto, are the property of Jeopardy Productions, Inc. and are protected under law. This website is not affiliated with, sponsored by, or operated by Jeopardy Productions, Inc. Join the discussion at JBoard.tv.